Welcome to CU Library Online Public Access Catalogue (OPAC)

Contemporary business communication / (Record no. 4959)

MARC details
000 -LEADER
fixed length control field 00778cam a2200241 a 4500
001 - CONTROL NUMBER
control field 13726021
005 - DATE AND TIME OF LATEST TRANSACTION
control field 20250319144532.0
008 - FIXED-LENGTH DATA ELEMENTS--GENERAL INFORMATION
fixed length control field 040921s2006 maua b 001 0 eng
020 ## - INTERNATIONAL STANDARD BOOK NUMBER
International Standard Book Number 0618472533 (instructors annotated edition)
020 ## - INTERNATIONAL STANDARD BOOK NUMBER
International Standard Book Number 0618472525 (student text)
050 00 - LIBRARY OF CONGRESS CALL NUMBER
Classification number HD30.3
Item number .O26 2006
082 00 - DEWEY DECIMAL CLASSIFICATION NUMBER
Classification number 658.4/5
Edition information 22
100 1# - MAIN ENTRY--PERSONAL NAME
Personal name Ober, Scot,
Dates associated with a name 1946-
245 10 - TITLE STATEMENT
Title Contemporary business communication /
Statement of responsibility, etc. Scot Ober.
250 ## - EDITION STATEMENT
Edition statement 6th ed., instructor's annotated ed.
260 ## - PUBLICATION, DISTRIBUTION, ETC.
Place of publication, distribution, etc. Boston, MA :
Name of publisher, distributor, etc. Houghton Mifflin Co.,
Date of publication, distribution, etc. c2006.
300 ## - PHYSICAL DESCRIPTION
Extent xxii, 644 p. :
Other physical details col. ill. ;
Dimensions 26 cm.
650 #0 - SUBJECT ADDED ENTRY--TOPICAL TERM
Topical term or geographic name entry element Communication in management.
650 #0 - SUBJECT ADDED ENTRY--TOPICAL TERM
Topical term or geographic name entry element Communication in organizations.
650 #0 - SUBJECT ADDED ENTRY--TOPICAL TERM
Topical term or geographic name entry element Business communication.
650 #0 - SUBJECT ADDED ENTRY--TOPICAL TERM
Topical term or geographic name entry element Business writing.
942 ## - ADDED ENTRY ELEMENTS (KOHA)
Source of classification or shelving scheme Library of Congress Classification
Koha item type Books
Suppress in OPAC No
999 ## -
-- 4959
-- 4959
Holdings
Withdrawn status Lost status Source of classification or shelving scheme Damaged status Not for loan Collection Home library Current library Shelving location Date acquired Total checkouts Full call number Barcode Date last seen Copy number Price effective from Koha item type
    Library of Congress Classification     Non-fiction Business Library (Miotso) Business Library (Miotso) General stacks 04/25/2025   HD 30.3026 OBE BSSM00002031 04/25/2025 2 04/25/2025 Books
    Library of Congress Classification     Non-fiction Undergraduate Library (Christ Temple) Undergraduate Library (Christ Temple) General stacks 03/19/2025   HD 30.3026 OBE ulct00001775 03/19/2025 1 03/19/2025 Books
© 2023-2024 Copyright: Central University Libraries. All Rights Reserved | Created by: Mahone Tech Office